On This Day: January 15th Quiz Stats

 Plays Quiz Updated Jan 15, 2018

Score 0/7 Timer 03:00
1 Play Today
Question Answer Wrong Answers
This government building, the headquarters of the United States Department of Defense, is dedicated in Arlington, Virginia.
1943
The Pentagon
96.4%
The Octagon
1%
The Hexagon
0.6%
The Decagon
0.4%
This free online encyclopedia, with the aim to allow anyone to edit articles, is launched.
2001
Wikipedia
96.2%
Encarta
1%
Everything2
0.2%
Open-Site
0.3%
This American minister and activist, a Nobel Prize laureate, is born.
1929
Martin Luther King, Jr.
85.8%
Malcolm X
4.9%
James Baldwin
2.3%
Jesse Jackson
6.1%
A Harper’s Weekly political cartoon uses a ______ to symbolize the Democratic Party for the first time.
1870
Donkey
81.3%
Elephant
12.7%
Bull
2.6%
Bear
3.3%
James Naismith publishes the rules of ______.
1892
Basketball
72.7%
Football
9.6%
Hockey
2.5%
Baseball
14.8%
This man makes an emergency landing of US Airways Flight 1549 in the Hudson River, saving all 155 passengers on-board.
2009
Chesley Sullenberger
64.5%
John E. Sulston
3.8%
William H. Sullivan
26.4%
Gregg Sulkin
3%
The Alvor Agreement is signed, ending the Angolan War of Independence and giving Angola independence from ______.
1975
Portugal
45.6%
Spain
14.6%
Italy
3.6%
France
34.2%

You're not logged in!

Compare scores with friends on all Sporcle quizzes.
OR
Log In

Sporcle TV

Today on Sporcle TV


Watch our educational content, quiz creation guides, and fun videos on Sporcle TV.

Show Comments

Extras

Top Quizzes Today


Score Distribution

Your Account Isn't Verified!

In order to create a playlist on Sporcle, you need to verify the email address you used during registration. Go to your Sporcle Settings to finish the process.

Report this User

Report this user for behavior that violates our Community Guidelines.

Details: